Fatti sull'Italia (Facts about Italy) - Statistics

Statistiche generali
  • Questo quiz è stato fatto 211 volte
  • Il punteggio medio è 3 su 10
Statistiche sulle risposte
Domanda Risposta % Corretto
Roma ha più di ____ anni 2.000
85%
I turisti gettano € 1.000.000 nella _____ fontana ogni anno Trevi
59%
L'Italia ha il maggior numero di siti Unesco nel _____ mondo
57%
Il ________ nazionale è verde, bianco e rosso bandiera
48%
Le avventure di _________ è stato pubblicato per la prima volta su un quotidiano italiano Pinocchio
34%
L'ultimo re d'Italia ha governato solo per __ giorni 36
30%
Il paese è stato sotto un _________ per 20 anni dittatura
24%
Il giorno __________ in Italia si chiama Festa della Repubblica nazionale
9%
13 di ___________ 38 spettacoli sono ambientati in Italia Shakespeare
2%
L'Italia è uno dei ___________ paesi più giovani d'Europa Occidentale
1%
Nessun quiz corrispondente trovato
Distribuzione punteggi
Percentuale di utenti per punteggio
Percentile per numero di risposta
I tuoi punteggi nel tempo
Non hai fatto questo quiz